00580nam a2200157 a 450000100100000000500170001000800410002704000250006808200150009311000660010824500770017426000670025130000280031850400520034670000240039800001770220200929165212.0100330s1987 dr a 000 0 spa d aDO-SdBNPbspacBNPHU axxxbR426m1 aRepública DominicanabSecretaría de Estado de Agricultura10aManual de la caficultura dominicana /cPresentación David A. Camilo G. aSanto Domingo :bSecretaría de Estado de Agricultura,c1987. a110 p. :bil. ;c23 cm. aIncluye referencias bibliográficas ( 104-110)1 aCamilo G., David A.